| 000 | 00626nam a22001937a 4500 | ||
|---|---|---|---|
| 005 | 20251108172531.0 | ||
| 008 | 250721s2012 xx 000 0 ara d | ||
| 082 | 1 | 4 | _a796.07/رقا |
| 100 | 1 | _aالرقاد، رائد محمد | |
| 245 | 1 | 0 | _aالرياضة للجميع رؤيا جديدة / |
| 264 | 1 |
_aعمان : _bدار تسنيم للنشر والتوزيع، _c2012. |
|
| 300 | _a217ص. | ||
| 650 | 1 | 7 | _aالالعاب الرياضية |
| 650 | 1 | 7 | _aالتدريس |
| 700 | 1 | _aالغفري، نضال احمد | |
| 700 | 1 | _aعثامنة، عثمان عبد السلام | |
| 942 |
_2ddc _cBK |
||
| 999 |
_c81824 _d81824 |
||